[Event "ROM-ch U14"]
[Site "Calimanesti"]
[Date "2018.04.03"]
[Round "9"]
[White "Bumbea, Radu"]
[Black "Asan, Robert"]
[Result "1-0"]
[WhiteElo "1067"]
[BlackElo "1021"]
[PlyCount "83"]
[EventDate "2018.03.27"]
[EventType "swiss"]
[EventRounds "9"]
[EventCountry "ROU"]
[SourceTitle "CBM 183 Extra"]
[Source "ChessBase"]
[SourceDate "2018.04.19"]
[SourceVersion "1"]
[SourceVersionDate "2018.04.19"]
[SourceQuality "1"]

1. e4 e5 2. Nf3 Nc6 3. Bc4 d6 4. d3 Be6 5. Bxe6 fxe6 6. d4 Nf6 7. dxe5 dxe5 8. Nc3 Qd7 9. 0-0 Be7 10. Bg5 0-0-0 11. Nb5 h6 12. Be3 Kb8 13. Qxd7 Rxd7 14. Rad1 Rhd8 15. Rxd7 Rxd7 16. Nc3 Ng4 17. Bd2 Nd4 18. Rd1 Nxf3+ 19. gxf3 Nf6 20. f4 exf4 21. Bxf4 Rxd1+ 22. Nxd1 Nxe4 23. f3 g5 24. Bxc7+ Kxc7 25. fxe4 Bd6 26. Nc3 h5 27. Nb5+ Kd7 28. Nxa7 Bc5+ 29. Kg2 Bxa7 30. Kf3 g4+ 31. Kf4 Bb8+ 32. Ke3 Bxh2 33. Kf2 h4 34. Kg2 g3 35. a4 Kd6 36. b4 Ke5 37. b5 Kxe4 38. a5 Kd5 39. c4+ Kxc4 40. a6 h3+ 41. Kxh3 Kxb5 42. axb7 1-0

[Event "ROM-ch U14"]
[Site "Calimanesti"]
[Date "2018.04.01"]
[Round "7"]
[White "Bumbea, Radu"]
[Black "Ungureanu, David Mihai"]
[Result "0-1"]
[WhiteElo "1067"]
[BlackElo "1307"]
[PlyCount "30"]
[EventDate "2018.03.27"]
[EventType "swiss"]
[EventRounds "9"]
[EventCountry "ROU"]
[SourceTitle "CBM 183 Extra"]
[Source "ChessBase"]
[SourceDate "2018.04.19"]
[SourceVersion "1"]
[SourceVersionDate "2018.04.19"]
[SourceQuality "1"]

1. e4 e5 2. Nf3 Nc6 3. d4 exd4 4. Nxd4 Nf6 5. Nc3 Bb4 6. Nxc6 bxc6 7. Bd3 0-0 8. Bd2 d6 9. 0-0 Bb7 10. Qe2 Re8 11. Qf3 d5 12. Rfe1 dxe4 13. Bxe4 Qxd2 14. Bxc6 Qxe1+ 15. Rxe1 Rxe1# 0-1

[Event "ROM-ch U14"]
[Site "Calimanesti"]
[Date "2018.03.31"]
[Round "6"]
[White "Bumbea, Radu"]
[Black "Ionescu, Luca"]
[Result "0-1"]
[WhiteElo "1067"]
[BlackElo "1001"]
[PlyCount "60"]
[EventDate "2018.03.27"]
[EventType "swiss"]
[EventRounds "9"]
[EventCountry "ROU"]
[SourceTitle "CBM 183 Extra"]
[Source "ChessBase"]
[SourceDate "2018.04.19"]
[SourceVersion "1"]
[SourceVersionDate "2018.04.19"]
[SourceQuality "1"]

1. e4 c5 2. Nf3 d6 3. d4 cxd4 4. Nxd4 Nc6 5. Nc3 g6 6. Bc4 Nf6 7. 0-0 Bg7 8. Bf4 Nxd4 9. Qxd4 e5 10. Bb5+ Nd7 11. Qxd6 exf4 12. Qxf4 a6 13. Bc4 0-0 14. Rfe1 Ne5 15. Nd5 Nxc4 16. Rad1 Ne5 17. Nb4 Qb6 18. Nd5 Qxb2 19. Nf6+ Bxf6 20. Qxf6 Re8 21. Rd2 Bd7 22. Rxd7 Re6 23. Rd8+ Rxd8 24. Qxd8+ Kg7 25. Qc7 Rc6 26. Qa5 Rxc2 27. Rf1 Rc1 28. a4 Qa1 29. Qxe5+ Qxe5 30. Rxc1 Qxe4 0-1

[Event "ROM-ch U14"]
[Site "Calimanesti"]
[Date "2018.03.29"]
[Round "4"]
[White "Bumbea, Radu"]
[Black "Raducu, Ioan Stefan"]
[Result "0-1"]
[WhiteElo "1067"]
[BlackElo "1431"]
[PlyCount "62"]
[EventDate "2018.03.27"]
[EventType "swiss"]
[EventRounds "9"]
[EventCountry "ROU"]
[SourceTitle "CBM 183 Extra"]
[Source "ChessBase"]
[SourceDate "2018.04.19"]
[SourceVersion "1"]
[SourceVersionDate "2018.04.19"]
[SourceQuality "1"]

1. e4 c5 2. Nf3 d6 3. d4 cxd4 4. Nxd4 Nf6 5. Nc3 g6 6. Bc4 Bg7 7. 0-0 0-0 8. Be3 Bd7 9. Bb5 Nxe4 10. Bxd7 Nxc3 11. bxc3 Nxd7 12. Qd2 Ne5 13. Qe2 Rc8 14. Nb5 a6 15. Nd4 Rxc3 16. Qd2 Qc7 17. Rab1 Rc8 18. Rfc1 Ng4 19. h3 Nxe3 20. fxe3 Bh6 21. Re1 e5 22. Ne2 Bxe3+ 23. Kf1 Bxd2 24. Nxc3 Bxe1 25. Kxe1 Qxc3+ 26. Kd1 Qxc2+ 27. Ke1 Qxb1+ 28. Kf2 Qd3 29. Kg1 Qg3 30. Kf1 Rc2 31. Kg1 Qxg2# 0-1

[Event "ROM-ch U10"]
[Site "Calimanesti"]
[Date "2015.04.03"]
[Round "6"]
[White "Bumbea, Radu"]
[Black "Oarza, Matei Radu"]
[Result "1/2-1/2"]
[WhiteElo "1001"]
[BlackElo "1001"]
[PlyCount "54"]
[EventDate "2015.03.30"]
[EventType "swiss"]
[EventRounds "9"]
[EventCountry "ROU"]
[SourceTitle "CBM 165 Extra"]
[Source "ChessBase"]
[SourceDate "2015.04.21"]
[SourceVersion "1"]
[SourceVersionDate "2015.04.21"]
[SourceQuality "1"]

1. e4 e5 2. Nf3 Nc6 3. Nc3 Bb4 4. Bb5 Bxc3 5. dxc3 d6 6. Bxc6+ Bd7 7. Bxd7+ Qxd7 8. 0-0 Nf6 9. Bg5 Nxe4 10. Bd2 0-0 11. Qe2 Nxd2 12. Nxd2 Rfe8 13. h3 f5 14. g4 e4 15. f3 e3 16. Nc4 Qb5 17. Rfe1 f4 18. b3 g5 19. Rad1 d5 20. a4 Qc6 21. Na5 Qe6 22. c4 Rad8 23. Rxd5 h6 24. Rxd8 Rxd8 25. Nxb7 Rb8 26. Nc5 Qe7 27. Na6 Rb7 1/2-1/2

[Event "ROM-ch U10"]
[Site "Calimanesti"]
[Date "2015.03.30"]
[Round "1"]
[White "Coroiu, Alexandru"]
[Black "Bumbea, Radu"]
[Result "1-0"]
[WhiteElo "1011"]
[BlackElo "1001"]
[PlyCount "49"]
[EventDate "2015.03.30"]
[EventType "swiss"]
[EventRounds "9"]
[EventCountry "ROU"]
[SourceTitle "CBM 165 Extra"]
[Source "ChessBase"]
[SourceDate "2015.04.21"]
[SourceVersion "1"]
[SourceVersionDate "2015.04.21"]
[SourceQuality "1"]

1. e4 e5 2. Nf3 Nc6 3. Nc3 Bb4 4. Bb5 Bxc3 5. dxc3 a6 6. Bxc6 bxc6 7. Nxe5 Nf6 8. Qe2 0-0 9. 0-0 Qe7 10. Bf4 d6 11. Nxc6 Qxe4 12. Qxe4 Nxe4 13. Ne7+ Kh8 14. Rfe1 Nf6 15. Nxc8 Raxc8 16. b4 Rce8 17. Rxe8 Nxe8 18. a4 c6 19. c4 Nc7 20. Bxd6 Rc8 21. Bxc7 Rxc7 22. b5 cxb5 23. axb5 axb5 24. Ra8+ Rc8 25. Rxc8# 1-0